| 000 | 00620nam a2200181 a 4500 | ||
|---|---|---|---|
| 001 | 16170 | ||
| 005 | 20180713205028.0 | ||
| 008 | 140415s1987 000 0 spa d | ||
| 020 | _a9682915996 | ||
| 041 | _aspa | ||
| 082 |
_a371.2012 _bSEC |
||
| 100 | 1 | _aSECRETARIA DE EDUCACION PUBLICA | |
| 245 | 1 | 0 |
_aMANUAL DEL DIRECTOR DEL PLANTEL DE : _bEDUCACION TELESECUNDARIA |
| 260 |
_a[s.l.] : _bSECRETARIA DE EDUCACION PUBLICA, _c1987 |
||
| 300 | _a120 | ||
| 490 |
_aMANUALES ADMINISTRATIVOS _vPROYECTO ESTRATEGICO _v5 |
||
| 650 | 1 | 4 |
_aADMINISTRADORES ESCOLARES _xSECUNDARIA _xDIRECCION DE ESCUELAS _xSECUNDARIA |
| 999 |
_c16170 _d16170 |
||